|
|
|
|
| LEADER |
00000nam a2200000 4500 |
| 001 |
vtls001305147 |
| 003 |
SK-MaSNL |
| 005 |
20260301004943.0 |
| 008 |
251112s1804 xo a f 000 0 slo |
| 015 |
|
|
|a SNBHFA
|
| 035 |
|
|
|a SNK000257367
|
| 035 |
|
|
|a 0B86D527-49FB-4439-9E76-551A3598D10E
|
| 035 |
|
|
|a urn:nbn:sk:snk-am00icl2
|
| 040 |
|
|
|a SNKHF
|b slo
|c SNKHF
|e rda
|
| 041 |
0 |
|
|a slo
|
| 044 |
|
|
|a xo
|c SK
|
| 072 |
|
7 |
|a 91
|x Geografia ako veda. Výskum. Cestovanie
|2 konspekt
|
| 080 |
|
|
|a 91
|2 2011
|
| 100 |
1 |
|
|a Palkovič, Juraj,
|d 1769-1850
|4 aut
|4 pbl
|9 240247
|
| 245 |
1 |
0 |
|a Známost Wlasti.
|n Oddělenj Prwnj
|p Známost geografická.
|c Neywjc pro sskoly Slowenské w Uhřjch sepsal a na swug náklad wydal Giřj Palkowič, Professor řeči a literatury Slowenské w Presspurku
|
| 264 |
|
3 |
|a W Presspurku
|b u Symona Petra Webera
|c 1804
|
| 264 |
|
1 |
|a [Bratislava]
|b [Palkovič, Juraj]
|c 1804
|
| 300 |
|
|
|a 8 nečíslovaných strán, 139 strán, 1 nečíslovaná strana
|c 17 cm
|
| 336 |
|
|
|a text
|b txt
|2 rdacontent
|
| 337 |
|
|
|a bez média
|b n
|2 rdamedia
|
| 338 |
|
|
|a zväzok
|b nc
|2 rdacarrier
|
| 500 |
|
|
|a Titulná strana s ozdobnými linkami, stránkovanie v zátvorkách, typografické ozdoby, ozdobné linky, zložky, kustody, erráta, drevorez nad textom signovaný Gritnerom
|
| 508 |
|
|
|a Predslov
|
| 510 |
4 |
|
|a Bibliografia územne slovacikálnych tlačí 19. storočia
|c 10174
|
| 546 |
|
|
|a Domáci jazyk predspisovného obdobia
|b Fraktúra
|
| 561 |
|
|
|a Rukopisný provenienčný záznam na prednom prídoští: Tato knižka prjnaležj Michal Szmettana.
|5 SNK SC 16 D1
|
| 563 |
|
|
|a Väzba: previazaná, lepenková, chrbát a rohy hnedá koža.
|5 SNK SC 16
|
| 563 |
|
|
|a Väzba: previazaná, pevná celoplátená.
|5 SNK SC 16 D1
|
| 563 |
|
|
|a Väzba: previazaná, kombinované plátno s hnedou kožou.
|5 SNK SC 16 D2 ; SC 16 D4
|
| 563 |
|
|
|a Väzba: pôvodná, lepenková.
|5 SNK SC 16 D3
|
| 650 |
0 |
7 |
|a geografia
|2 SNKPH
|9 823
|
| 655 |
|
7 |
|a učebnice
|2 SNKPH
|9 22521
|
| 700 |
1 |
|
|a Weber, Šimon Peter,
|d narodený asi 1760-1842
|4 prt
|9 288536
|
| 700 |
1 |
|
|a Szmettana, Michal
|4 fmo
|9 288537
|
| 700 |
1 |
|
|a Gritner
|4 egr
|9 287176
|
| 752 |
|
|
|a Slovensko
|d Bratislava
|
| 852 |
|
|
|a snk
|p SC 16 ; SC 16 D1 ; SC 16 D2 ; SC 16 D3 ; SC 16 D4
|
| 958 |
|
|
|a ONDV
|
| 958 |
|
|
|a DF
|
| 999 |
|
|
|c 543786
|d 545716
|
| 952 |
|
|
|a SNK
|b SNK
|y PREZ
|7 0
|p 17A0098665
|o snkSC 16 D2
|i snkI. 788/46
|z Rok: 1804
|0 0
|1 0
|4 0
|d 2006-02-22
|l 0
|r 2026-02-23 12:48:02
|w 2026-02-23
|
| 952 |
|
|
|a SNK
|b SNK
|y PREZ
|7 0
|p 17A0498993
|o snkSC 16 D3
|i snkK 2632/69
|8 3
|z Rok: 1804
|0 0
|1 0
|4 0
|d 2006-02-22
|l 0
|r 2026-02-23 12:48:02
|w 2026-02-23
|
| 952 |
|
|
|a SNK
|b SNK
|y PREZ
|7 0
|p 17A0713990
|o snkSC 16
|i snk76/27
|0 0
|1 0
|4 0
|d 2011-11-10
|f 1
|l 0
|r 2025-05-27 00:00:00
|w 2026-02-23
|
| 952 |
|
|
|a SNK
|b SNK
|y PREZ
|7 0
|p 17A0099960
|o snkSC 16 D1
|i snkKSK 1065/56
|8 3
|z Rok: 1804
|0 0
|1 0
|4 0
|d 1997-10-03
|l 0
|r 2005-01-02 00:00:00
|w 2026-02-23
|
| 952 |
|
|
|a SNK
|b SNK
|y PREZ
|7 0
|p 17A0056733
|o snkSC 16 D4
|i snkF 1272/84
|8 5
|z Rok: 1804
|0 0
|1 0
|4 0
|d 2011-10-21
|l 0
|r 2026-02-23 12:48:02
|w 2026-02-23
|